01018nam a2200193 a 450000100100000000500170001000800410002704000250006808200200009310000260011324502710013926000640041030000200047449000370049449000470053161000830057865000710066183000920073200002858620200930055026.0110411s1945 dr r 000 | spa d aDO-SdBNPbspacBNPHU a378.7293bS161d1 aSalazar, Joaquín E.10aDominicanismo y educación :bdiscurso de orden pronunciado en el acto académico celebrado con motivo de la investidura de graduandos y el 406 aniversario de la erección de la Universidad de Santo Domingo, el día 28 de octubre de 1944 /cJoaquín E. Salazar. aCiudad Trujillo, República Dominicana :bMontalvo,c1945. a20 p. ;c23 cm.1 aUniversidad de Santo Domingov321 aEdiciones del Centenario de la República14aUNIVERSIDAD AUTÓNOMA DE SANTO DOMINGOxHISTORIAvENSAYOS, CONFERENCIAS, ETC. 4aUniversidadeszRepública DominicanavENSAYOS, CONFERENCIAS, ETC. 0aUniversidad Autonóma de Santo Domingov32pEdiciones del Centenario de la República